[Event "17th Tilburg Interpolis it"]
[Site "Tilburg NED"]
[Date "1993.??.??"]
[Round "1.2"]
[White "Khenkin, Igor"]
[Black "Hertneck, Gerald"]
[Result "1/2-1/2"]
[WhiteElo "2570"]
[BlackElo "2565"]
[EventDate "1993.11.13"]
[PlyCount "63"]

1. d4 Nf6 2. Nf3 d5 3. c4 c6 4. Nc3 dxc4 5. a4 Bf5 6. Nh4 Bg6 7. Nxg6 hxg6 8.
e4 e6 9. Bxc4 Bb4 10. Qb3 a5 11. O-O Qxd4 12. Bxe6 O-O 13. Bc4 Nbd7 14. Be3 Qe5
15. f4 Qe7 16. e5 Ng4 17. Ne4 Nxe3 18. Qxe3 Bc5 19. Nxc5 Qxc5 20. Qxc5 Nxc5 21.
f5 gxf5 22. Rxf5 Ne6 23. Raf1 Rae8 24. h4 Re7 25. Kh2 b5 26. Ba2 g6 27. Rf6
bxa4 28. h5 gxh5 29. R1f3 Rfe8 30. Rh6 Rb7 31. Rxf7 Rxb2 32. Ra7 1/2-1/2

[Event "17th Tilburg Interpolis it"]
[Site "Tilburg NED"]
[Date "1993.??.??"]
[Round "1.1"]
[White "Johansen, Darryl"]
[Black "Rozentalis, Eduardas"]
[Result "1-0"]
[WhiteElo "2495"]
[BlackElo "2600"]
[EventDate "1993.11.13"]
[PlyCount "131"]

1. Nf3 Nf6 2. c4 e6 3. d4 b6 4. Nc3 Bb7 5. Qc2 Bb4 6. a3 Bxc3+ 7. Qxc3 d6 8. e3
Nbd7 9. Be2 O-O 10. O-O Qe7 11. b4 c5 12. dxc5 bxc5 13. Bb2 Nb6 14. a4 cxb4 15.
Qxb4 Rab8 16. Rfd1 Ne4 17. Bd4 Ba6 18. Rab1 Rfc8 19. Ba1 Rb7 20. c5 Bxe2 21.
cxd6 Nxd6 22. Qb2 Ne8 23. Qxe2 Nxa4 24. Qa6 Nc5 25. Qc4 Rcc7 26. Be5 Rxb1 27.
Rxb1 Rb7 28. Rc1 Nd7 29. Bg3 h6 30. h3 Ndf6 31. Nd4 Qd7 32. Nc6 Nd5 33. e4 Ndf6
34. f3 Qd2 35. Be1 Qg5 36. Qc3 Nh5 37. h4 Qf4 38. Rd1 Ng3 39. Qe5 Qxe5 40. Nxe5
Nh5 41. Rd8 Nhf6 42. g4 g5 43. hxg5 hxg5 44. Bd2 Kg7 45. Bxg5 Nc7 46. Be3 Nb5
47. Kg2 Ng8 48. Nd7 Rc7 49. Nc5 Ne7 50. Rb8 Nd6 51. Bd4+ Kg6 52. Nd3 Rc2+ 53.
Kg3 f6 54. Rd8 Ndc8 55. Rd7 Kf7 56. Bxa7 Ke8 57. Rb7 Nxa7 58. Rxa7 e5 59. g5
fxg5 60. Nxe5 Kf8 61. Ra6 Kg7 62. Re6 Kf8 63. Rf6+ Kg8 64. Kg4 Rg2+ 65. Kh5 Rg1
66. Ng4 1-0

[Event "17th Tilburg Interpolis it"]
[Site "Tilburg NED"]
[Date "1993.??.??"]
[Round "1.2"]
[White "Rozentalis, Eduardas"]
[Black "Johansen, Darryl"]
[Result "1-0"]
[WhiteElo "2600"]
[BlackElo "2495"]
[EventDate "1993.11.13"]
[PlyCount "81"]

1. e4 c5 2. c3 Nf6 3. e5 Nd5 4. g3 d6 5. exd6 Qxd6 6. Bg2 Nc6 7. Ne2 Nc7 8. d4
cxd4 9. cxd4 Bg4 10. Nbc3 e6 11. O-O Qd7 12. Re1 Be7 13. Bf4 Nd5 14. Nxd5 exd5
15. f3 Bh3 16. Bh1 O-O 17. a3 Rae8 18. Be3 Bd8 19. Bf2 Bb6 20. b4 Bf5 21. Qd2
h6 22. Nc3 Ne7 23. Re5 Bc7 24. Re2 Nc8 25. Rae1 Nb6 26. f4 Re6 27. Rxe6 Bxe6
28. Qe2 a6 29. Bf3 Rc8 30. Nd1 Qa4 31. Ne3 Qxa3 32. f5 Bd7 33. Nxd5 Nxd5 34.
Bxd5 Be8 35. Qxe8+ Rxe8 36. Rxe8+ Kh7 37. Bxf7 g5 38. Bg6+ Kg7 39. Re7+ Kg8 40.
Rxc7 Qb2 41. f6 1-0

[Event "17th Tilburg Interpolis it"]
[Site "Tilburg NED"]
[Date "1993.??.??"]
[Round "1.3"]
[White "Johansen, Darryl"]
[Black "Rozentalis, Eduardas"]
[Result "0-1"]
[WhiteElo "2495"]
[BlackElo "2600"]
[EventDate "1993.11.13"]
[PlyCount "66"]

1. d4 Nf6 2. c4 e6 3. Nf3 b6 4. Nc3 Bb7 5. Qc2 Bb4 6. a3 Bxc3+ 7. Qxc3 d6 8. e3
Nbd7 9. Be2 Qe7 10. O-O c5 11. b4 O-O 12. dxc5 bxc5 13. Bb2 Nb6 14. Qb3 Ne4 15.
b5 d5 16. a4 Nxc4 17. Bxc4 dxc4 18. Qxc4 Rfc8 19. Rfc1 Bd5 20. Qc2 c4 21. Bc3
Nc5 22. Rd1 Bxf3 23. gxf3 Qg5+ 24. Kf1 Nd3 25. Qe2 e5 26. f4 exf4 27. exf4 Qxf4
28. Kg2 Rc5 29. Qe3 Rg5+ 30. Kf1 Qxh2 31. Ke2 Nxf2 32. Qf3 Nxd1+ 33. Kxd1 Rd8+
0-1

[Event "17th Tilburg Interpolis it"]
[Site "Tilburg NED"]
[Date "1993.??.??"]
[Round "1.4"]
[White "Rozentalis, Eduardas"]
[Black "Johansen, Darryl"]
[Result "1-0"]
[WhiteElo "2600"]
[BlackElo "2495"]
[EventDate "1993.11.13"]
[PlyCount "89"]

1. e4 Nc6 2. d4 d5 3. e5 Bf5 4. c3 e6 5. Bd3 Nge7 6. Bg5 Qd7 7. Ne2 h6 8. Bxe7
Nxe7 9. Ng3 Bxd3 10. Qxd3 c5 11. O-O h5 12. Nd2 Nc6 13. Ne2 O-O-O 14. a3 c4 15.
Qc2 Na5 16. Nc1 Kb8 17. b4 cxb3 18. Ncxb3 Qa4 19. Rfb1 Rd7 20. Ra2 Be7 21. Nc5
Qxc2 22. Nxd7+ Kc7 23. Rxc2 Kxd7 24. c4 dxc4 25. Nxc4 Rc8 26. Rbc1 Nc6 27. a4
Rd8 28. Rb1 Rb8 29. Ne3 Nb4 30. Rcb2 a5 31. Kf1 Rc8 32. Rd1 f5 33. exf6 Bxf6
34. Re2 Kd6 35. f4 Rc3 36. f5 exf5 37. Nxf5+ Kd7 38. d5 Rc5 39. Ng3 Rc4 40.
Nxh5 Bc3 41. Ng3 b5 42. axb5 a4 43. Re4 Rc8 44. Ne2 Rf8+ 45. Kg1 1-0

[Event "17th Tilburg Interpolis it"]
[Site "Tilburg NED"]
[Date "1993.??.??"]
[Round "1.1"]
[White "Jongsma, Alexander"]
[Black "Lutz, Christopher"]
[Result "0-1"]
[WhiteElo "2295"]
[BlackElo "2605"]
[EventDate "1993.11.13"]
[PlyCount "92"]

1. Nc3 c5 2. Nf3 g6 3. d4 cxd4 4. Nxd4 Bg7 5. e4 Nc6 6. Nb3 Nf6 7. Be3 d6 8.
Be2 O-O 9. f4 Be6 10. g4 Na5 11. g5 Nd7 12. Bd4 f6 13. Nd5 Nxb3 14. axb3 fxg5
15. Bxg7 Kxg7 16. Qd4+ Kg8 17. Bc4 Bf7 18. fxg5 e6 19. Nf6+ Nxf6 20. Qxf6 Qxf6
21. gxf6 e5 22. O-O Bxc4 23. bxc4 Kf7 24. Ra5 Ke6 25. Rd5 Rac8 26. Rfd1 Rc6 27.
b4 Kxf6 28. Rxd6+ Rxd6 29. Rxd6+ Ke7 30. Rd5 Ke6 31. Rd3 Rf4 32. Re3 b6 33. Kg2
Rf7 34. Rd3 Rc7 35. Rc3 a5 36. bxa5 bxa5 37. Kf3 a4 38. Ke3 Ra7 39. Ra3 Kd6 40.
Kd3 Kc5 41. Kc3 g5 42. h4 g4 43. Kb2 h5 44. Rd3 Rg7 45. Ka3 g3 46. Rd1 g2 0-1

[Event "17th Tilburg Interpolis it"]
[Site "Tilburg NED"]
[Date "1993.??.??"]
[Round "1.1"]
[White "Knoppert, Erik"]
[Black "Kuijf, Marinus"]
[Result "1-0"]
[WhiteElo "2375"]
[BlackElo "2445"]
[EventDate "1993.11.13"]
[PlyCount "75"]

1. e4 c5 2. Ne2 d6 3. Nbc3 Nf6 4. g3 g6 5. Bg2 Bg7 6. O-O O-O 7. d3 Nc6 8. Be3
e5 9. h3 Re8 10. f4 Nd4 11. Qd2 Nxe2+ 12. Nxe2 exf4 13. Nxf4 Bd7 14. Kh2 Bc6
15. Rf2 d5 16. exd5 Nxd5 17. Bxd5 Bxd5 18. c4 Bc6 19. Bxc5 h5 20. h4 Qd7 21.
Raf1 b6 22. Bb4 Bd4 23. Re2 Qf5 24. Bc3 Rxe2+ 25. Qxe2 Re8 26. Qd1 Bxc3 27.
bxc3 Qc5 28. Qd2 Re3 29. Qf2 Qe7 30. Qd2 Bf3 31. Rf2 Kg7 32. a4 Qe5 33. d4 Qe4
34. d5 Re1 35. Ng2 Bxg2 36. Rxg2 Re3 37. d6 Rd3 38. d7 1-0

[Event "17th Tilburg Interpolis it"]
[Site "Tilburg NED"]
[Date "1993.??.??"]
[Round "1.2"]
[White "Kuijf, Marinus"]
[Black "Knoppert, Erik"]
[Result "0-1"]
[WhiteElo "2445"]
[BlackElo "2375"]
[EventDate "1993.11.13"]
[PlyCount "58"]

1. Nc3 c5 2. Nf3 Nc6 3. d4 cxd4 4. Nxd4 g6 5. Bg5 Bg7 6. Nb3 Nf6 7. g3 O-O 8.
Bg2 d6 9. Qc1 Be6 10. Bh6 Ng4 11. Bxg7 Kxg7 12. h4 h5 13. Bh3 Rc8 14. Bxg4 Bxg4
15. Qe3 a6 16. O-O-O Ne5 17. f3 Bd7 18. Nd5 Be6 19. g4 Bxd5 20. Rxd5 hxg4 21.
h5 Rh8 22. f4 Nc4 23. Qd4+ e5 24. Qd3 Qf6 25. fxe5 dxe5 26. Nc5 Rxh5 27. Rd1
Nxb2 28. Kxb2 e4+ 29. Qd4 Rxc5 0-1

[Event "17th Tilburg Interpolis it"]
[Site "Tilburg NED"]
[Date "1993.??.??"]
[Round "1.1"]
[White "Kortschnoj, Viktor"]
[Black "Stohl, Igor"]
[Result "1-0"]
[WhiteElo "2625"]
[BlackElo "2545"]
[EventDate "1993.11.13"]
[PlyCount "87"]

1. c4 e5 2. Nc3 Nf6 3. Nf3 Nc6 4. g3 d5 5. cxd5 Nxd5 6. Bg2 Nb6 7. O-O Be7 8.
Rb1 f6 9. d3 Be6 10. a3 O-O 11. b4 Nd4 12. Ne1 Nd5 13. Bb2 Nxc3 14. Bxc3 c6 15.
a4 Qd7 16. e3 Nf5 17. Nf3 Rfd8 18. d4 exd4 19. Nxd4 Nxd4 20. Bxd4 Bd5 21. Qc2
Bxg2 22. Kxg2 Qe6 23. Bc5 Rd5 24. Rfd1 Bxc5 25. bxc5 Rad8 26. Rxd5 Qxd5+ 27. e4
Qf7 28. a5 h6 29. Qb3 Rd7 30. Kf3 f5 31. exf5 Rd5 32. g4 Qe7 33. Qe3 Qxc5 34.
Rxb7 Qxe3+ 35. fxe3 Rxa5 36. Kf4 a6 37. h4 c5 38. g5 hxg5+ 39. hxg5 Rb5 40. Rc7
a5 41. e4 a4 42. Rc8+ Kf7 43. g6+ Ke7 44. e5 1-0

[Event "17th Tilburg Interpolis it"]
[Site "Tilburg NED"]
[Date "1993.??.??"]
[Round "1.2"]
[White "Stohl, Igor"]
[Black "Kortschnoj, Viktor"]
[Result "1-0"]
[WhiteElo "2545"]
[BlackElo "2625"]
[EventDate "1993.11.13"]
[PlyCount "195"]

1. d4 Nf6 2. c4 e6 3. Nc3 Bb4 4. Qc2 d5 5. cxd5 exd5 6. Bg5 c5 7. dxc5 h6 8.
Bxf6 Qxf6 9. e3 O-O 10. Nge2 Nc6 11. a3 Bf5 12. Qd2 Bxc5 13. Nxd5 Qe5 14. Rc1
Bd6 15. Ng3 Rad8 16. Bc4 Be4 17. f4 Qe8 18. Nxe4 Qxe4 19. Qc2 Qxc2 20. Rxc2 Na5
21. Ba2 Rc8 22. Kd2 Rxc2+ 23. Kxc2 Rc8+ 24. Kd3 Nc6 25. e4 Kf8 26. e5 Bb8 27.
Rd1 Ne7 28. Nc3 a6 29. Ke4 Ke8 30. Bb3 Rc5 31. g3 f6 32. exf6 gxf6 33. Kf3 f5
34. Nd5 Ng8 35. Ne3 Ne7 36. Nd5 Ng8 37. Ne3 Ne7 38. Be6 Ba7 39. Nd5 Rc2 40.
Nf6+ Kf8 41. g4 fxg4+ 42. Kxg4 Ng6 43. f5 Rg2+ 44. Kf3 Rf2+ 45. Kg3 Ne5 46.
Nd7+ Nxd7 47. Rxd7 h5 48. Rxb7 Bd4 49. b4 h4+ 50. Kg4 Bb2 51. a4 Rxh2 52. b5
axb5 53. a5 Rg2+ 54. Kxh4 Rg7 55. Rxb5 Bf6+ 56. Kh3 Ra7 57. Bc4 Ke7 58. a6 Bd4
59. Kg4 Kf6 60. Rb8 Rc7 61. Bd3 Rc3 62. Rd8 Bc5 63. Rd7 Ra3 64. Rd5 Be7 65. Kf3
Ra4 66. Rd7 Bc5 67. Rc7 Bd6 68. Rc6 Ke5 69. Ke3 Kd5 70. Rc2 Bc5+ 71. Kf3 Ra3
72. Ke2 Bd4 73. Rc7 Ra2+ 74. Kd1 Kd6 75. Rb7 Be3 76. f6 Rd2+ 77. Ke1 Rxd3 78.
f7 Bh6 79. Rb6+ Ke7 80. Rxh6 Kxf7 81. Rh8 Kg7 82. a7 Kxh8 83. a8=Q+ Kg7 84.
Qb7+ Kf8 85. Qb4+ Kg7 86. Qg4+ Kf6 87. Qf4+ Kg7 88. Qg5+ Kh8 89. Qh6+ Kg8 90.
Qg6+ Kh8 91. Qxd3 Kg7 92. Qd6 Kh8 93. Ke2 Kg7 94. Qe6 Kh8 95. Kf3 Kg7 96. Kf4
Kh8 97. Kg5 Kg7 98. Qe7+ 1-0

[Event "17th Tilburg Interpolis it"]
[Site "Tilburg NED"]
[Date "1993.??.??"]
[Round "1.3"]
[White "Kortschnoj, Viktor"]
[Black "Stohl, Igor"]
[Result "1/2-1/2"]
[WhiteElo "2625"]
[BlackElo "2545"]
[EventDate "1993.11.13"]
[PlyCount "109"]

1. c4 c5 2. Nf3 Nc6 3. d4 cxd4 4. Nxd4 Nf6 5. Nc3 e6 6. a3 Be7 7. e4 O-O 8. Nf3
b6 9. Bf4 d6 10. Be2 Bb7 11. O-O Rc8 12. Rc1 a6 13. Qd3 Ng4 14. Rfd1 Nge5 15.
Nxe5 dxe5 16. Be3 Bc5 17. Qd7 Ba8 18. Qxd8 Rfxd8 19. b4 Bxe3 20. fxe3 a5 21.
Na4 axb4 22. Nxb6 Rxd1+ 23. Rxd1 Rb8 24. Nd7 Rc8 25. axb4 Nxb4 26. Bf3 f6 27.
Bg4 Kf7 28. Nb6 Rb8 29. Rd7+ Kg6 30. Nxa8 Rxa8 31. Bxe6 Ra3 32. Kf2 Nc2 33. Ke2
Nxe3 34. c5 Nxg2 35. Kd2 Nh4 36. c6 Nf3+ 37. Ke2 Nd4+ 38. Rxd4 exd4 39. c7 Rc3
40. c8=Q Rxc8 41. Bxc8 Kg5 42. Kd3 Kf4 43. Kxd4 g5 44. Kd5 h5 45. Ke6 Kxe4 46.
Kxf6 Kf4 47. Kg6 g4 48. Bb7 h4 49. Kh5 g3 50. h3 Kf5 51. Bg2 Kf6 52. Kh6 Kf7
53. Kh7 Kf6 54. Bd5 Ke5 55. Bb7 1/2-1/2

[Event "17th Tilburg Interpolis it"]
[Site "Tilburg NED"]
[Date "1993.??.??"]
[Round "1.1"]
[White "Ligterink, Gert"]
[Black "Mozetic, Dejan"]
[Result "0-1"]
[WhiteElo "2435"]
[BlackElo "2580"]
[EventDate "1993.11.13"]
[PlyCount "77"]

1. d4 Nf6 2. c4 g6 3. Nc3 Bg7 4. e4 d6 5. Be2 O-O 6. Nf3 e5 7. O-O exd4 8. Nxd4
Re8 9. f3 c6 10. Kh1 Nbd7 11. Bg5 Qb6 12. Nb3 a5 13. Qd2 a4 14. Be3 Qd8 15. Nd4
Nc5 16. Rfd1 Nfd7 17. Rab1 Be5 18. b4 axb3 19. axb3 Qh4 20. f4 Bg7 21. Bf3 Nf6
22. Bf2 Qh6 23. Re1 Ng4 24. Bxg4 Bxg4 25. b4 Nd7 26. Be3 Ra3 27. Nb3 Bxc3 28.
Qxc3 Rxe4 29. Bd2 Rxe1+ 30. Rxe1 Qg7 31. Qxg7+ Kxg7 32. Na5 b5 33. cxb5 cxb5
34. Be3 Rd3 35. Nc6 Nf6 36. h3 Be6 37. Bd4 Bd5 38. Rc1 Rd2 39. Ne7 0-1

[Event "17th Tilburg Interpolis it"]
[Site "Tilburg NED"]
[Date "1993.??.??"]
[Round "1.2"]
[White "Mozetic, Dejan"]
[Black "Ligterink, Gert"]
[Result "1-0"]
[WhiteElo "2580"]
[BlackElo "2435"]
[EventDate "1993.11.13"]
[PlyCount "79"]

1. d4 Nf6 2. c4 g6 3. Nc3 Bg7 4. e4 d6 5. Nf3 O-O 6. Be2 e5 7. Be3 h6 8. O-O
Ng4 9. Bc1 Nc6 10. d5 Ne7 11. Ne1 h5 12. h3 Nh6 13. f4 f5 14. fxe5 dxe5 15. Nf3
Nf7 16. c5 f4 17. Bc4 Kh8 18. b4 Ng8 19. d6 c6 20. Bxf7 Rxf7 21. Bb2 Rf8 22.
Ne2 Re8 23. Nc1 Nh6 24. Nd3 Nf7 25. Qb3 Re6 26. h4 Bd7 27. Bc3 Qg8 28. Qb2 Rae8
29. Rae1 Kh7 30. g3 fxg3 31. Qg2 Rf6 32. Qxg3 Rf4 33. Nfxe5 Rxf1+ 34. Rxf1 Nxe5
35. Bxe5 Bh6 36. Rf6 Bg4 37. Qf2 Qc4 38. Rf7+ Kg8 39. Qf6 Be3+ 40. Kh2 1-0

[Event "17th Tilburg Interpolis it"]
[Site "Tilburg NED"]
[Date "1993.??.??"]
[Round "1.1"]
[White "Lobron, Eric"]
[Black "Milos, Gilberto"]
[Result "0-1"]
[WhiteElo "2575"]
[BlackElo "2565"]
[EventDate "1993.11.13"]
[PlyCount "66"]

1. d4 Nf6 2. Nf3 d5 3. c4 e6 4. Nc3 Be7 5. Bg5 O-O 6. e3 Nbd7 7. cxd5 Nxd5 8.
Bxe7 Qxe7 9. Qb3 Nxc3 10. Qxc3 c5 11. Rd1 cxd4 12. Rxd4 Nf6 13. Be2 b6 14. O-O
Bb7 15. Rc1 Rfc8 16. Rc4 h6 17. Qe5 Qd8 18. h3 Rxc4 19. Rxc4 Ba6 20. Rd4 Qc8
21. Bxa6 Qxa6 22. Qc7 Qxa2 23. Ne5 Re8 24. Rd8 Rxd8 25. Qxd8+ Kh7 26. Nxf7 Qxb2
27. Qd3+ Kg8 28. Nd6 a5 29. f4 a4 30. Kh2 Qb3 31. Qd4 a3 32. Nc4 a2 33. Ne5 Qb1
0-1

[Event "17th Tilburg Interpolis it"]
[Site "Tilburg NED"]
[Date "1993.??.??"]
[Round "1.2"]
[White "Milos, Gilberto"]
[Black "Lobron, Eric"]
[Result "0-1"]
[WhiteElo "2565"]
[BlackElo "2575"]
[EventDate "1993.11.13"]
[PlyCount "114"]

1. Nf3 d6 2. d4 f5 3. g3 Nf6 4. Bg2 g6 5. b3 Bg7 6. Bb2 O-O 7. O-O a5 8. c4 a4
9. Na3 e6 10. bxa4 Ne4 11. Nb5 Nd7 12. Qb3 Nb6 13. a5 Rxa5 14. Nc3 d5 15. Nxe4
dxe4 16. Ne5 Na4 17. e3 Nxb2 18. Qxb2 Bxe5 19. dxe5 Qe7 20. Rfd1 b6 21. Rd2 Bd7
22. Bf1 Ba4 23. Be2 Qc5 24. Bd1 Bc6 25. Bb3 Qxe5 26. Qxe5 Rxe5 27. Rad1 Rc5 28.
Rd8 h5 29. Kf1 Rxd8 30. Rxd8+ Kf7 31. Ke2 Ke7 32. Rh8 Ra5 33. Rh7+ Kd6 34. Rg7
Ba4 35. Rxg6 Bxb3 36. axb3 Ra2+ 37. Ke1 Rb2 38. Rg5 Rxb3 39. Rxh5 Rc3 40. h4
Rxc4 41. Rh8 b5 42. h5 Rc1+ 43. Kd2 Rf1 44. Ke2 Rh1 45. h6 Kc5 46. h7 Kc4 47.
g4 fxg4 48. Re8 Rxh7 49. Rxe6 Kd5 50. Rg6 Re7 51. Rxg4 c5 52. f3 exf3+ 53. Kxf3
b4 54. Ke2 Re4 55. Rg1 Rh4 56. Rg2 Kc4 57. Kd2 Kb3 0-1

[Event "17th Tilburg Interpolis it"]
[Site "Tilburg NED"]
[Date "1993.??.??"]
[Round "1.3"]
[White "Lobron, Eric"]
[Black "Milos, Gilberto"]
[Result "1/2-1/2"]
[WhiteElo "2575"]
[BlackElo "2565"]
[EventDate "1993.11.13"]
[PlyCount "116"]

1. d4 Nf6 2. c4 c5 3. d5 b5 4. cxb5 a6 5. f3 axb5 6. e4 Qa5+ 7. Nc3 b4 8. Nb5
d6 9. a4 Nbd7 10. b3 g6 11. Bb2 Bg7 12. Bc4 O-O 13. Ne2 Ne5 14. Bxe5 dxe5 15.
O-O Ne8 16. Qd2 Nd6 17. Qe3 Bd7 18. Nxd6 exd6 19. g4 Qd8 20. Nc1 f5 21. gxf5
gxf5 22. Nd3 Kh8 23. Kh1 Qh4 24. Rg1 Bh6 25. Qe2 Rf7 26. Bb5 Bxb5 27. axb5 Raf8
28. Ra2 fxe4 29. Qxe4 Qh3 30. b6 Rxf3 31. b7 Rxd3 32. Rag2 Rd4 33. Rg8+ Rxg8
34. Rxg8+ Kxg8 35. b8=Q+ Bf8 36. Qg2+ Qxg2+ 37. Kxg2 Rf4 38. Qc8 Kh8 39. h4 Kg7
40. h5 Kh6 41. Qe8 Kg5 42. Kg3 Kh6 43. Kh3 Kg5 44. Kg2 Kh6 45. Kg3 Kg5 46. Qd7
Kxh5 47. Qxh7+ Kg5 48. Qg8+ Kh6 49. Kh3 Rf3+ 50. Kg4 Rf4+ 51. Kg3 Kh5 52. Qh7+
Kg5 53. Kh3 Rf3+ 54. Kg2 Rf4 55. Kg3 Kf6 56. Qg8 Ke7 57. Qe6+ Kd8 58. Kg2 Be7
1/2-1/2

[Event "17th Tilburg Interpolis it"]
[Site "Tilburg NED"]
[Date "1993.??.??"]
[Round "1.4"]
[White "Milos, Gilberto"]
[Black "Lobron, Eric"]
[Result "1-0"]
[WhiteElo "2565"]
[BlackElo "2575"]
[EventDate "1993.11.13"]
[PlyCount "135"]

1. Nf3 Nf6 2. c4 e6 3. Nc3 Bb4 4. Qc2 O-O 5. e4 d6 6. a3 Bxc3 7. dxc3 Nbd7 8.
Bg5 a5 9. a4 e5 10. Nd2 Nc5 11. f3 b6 12. Bh4 Bd7 13. b3 Kh8 14. Be2 Rg8 15.
Nf1 Bc6 16. Ne3 g5 17. Bf2 Nfxe4 18. fxe4 Bxe4 19. Qd1 f5 20. b4 Ne6 21. Bd3
Bxd3 22. Qxd3 f4 23. Nd5 Qf8 24. g4 axb4 25. cxb4 Qg7 26. O-O Qf7 27. Qf5 Rgf8
28. Qxf7 Rxf7 29. Rfe1 h5 30. h3 Rh7 31. Nf6 Rf7 32. Nxh5 Kh7 33. Ra3 Kg6 34.
Kg2 c5 35. bxc5 bxc5 36. Rd1 Nd4 37. Bxd4 cxd4 38. Kf3 Rc7 39. Rb1 Rxc4 40. Rb6
Rcxa4 41. Rxd6+ Kf7 42. Rxa4 Rxa4 43. h4 Ra3+ 44. Ke4 Re3+ 45. Kf5 Ke7 46. Re6+
Kd7 47. Nf6+ Kc8 48. Re8+ Kb7 49. Rxe5 f3 50. Rb5+ Kc6 51. Rb1 d3 52. Ne4 Kd5
53. Nf2 gxh4 54. g5 Re2 55. Nxd3 Kd4 56. Nf4 Re5+ 57. Kg4 f2 58. Rf1 Ke3 59. g6
Re4 60. g7 Rxf4+ 61. Kg5 Rf3 62. Kxh4 Rf4+ 63. Kg3 Ke2 64. Kxf4 Kxf1 65. g8=Q
Ke2 66. Qc4+ Ke1 67. Qc1+ Ke2 68. Qe3+ 1-0

[Event "17th Tilburg Interpolis it"]
[Site "Tilburg NED"]
[Date "1993.??.??"]
[Round "1.2"]
[White "Ruban, Vadim"]
[Black "Leko, Peter"]
[Result "0-1"]
[WhiteElo "2590"]
[BlackElo "2555"]
[EventDate "1993.11.13"]
[PlyCount "122"]

1. d4 Nf6 2. c4 g6 3. Nc3 d5 4. cxd5 Nxd5 5. Bd2 Bg7 6. e4 Nb6 7. Be3 O-O 8. h3
f5 9. exf5 Bxf5 10. Nf3 Nc6 11. Be2 e5 12. dxe5 Qxd1+ 13. Rxd1 Nxe5 14. Nxe5
Bxe5 15. O-O Rad8 16. Bg5 Rxd1 17. Rxd1 c6 18. Bf1 Kg7 19. Be3 Bf6 20. g4 Be6
21. Bd4 Nd5 22. Bxf6+ Nxf6 23. Bg2 g5 24. a3 h6 25. Rd4 Rf7 26. f4 gxf4 27.
Rxf4 Kg6 28. Rf2 Rd7 29. Ne2 Rd1+ 30. Rf1 Rxf1+ 31. Bxf1 Kg5 32. Nd4 Bd7 33.
Kf2 c5 34. Nb3 b6 35. Ke3 Bc6 36. Nd2 Kh4 37. Kf2 Nh7 38. Nf3+ Bxf3 39. Kxf3
Ng5+ 40. Kf4 Nxh3+ 41. Kf5 Kg3 42. b3 Ng5 43. Be2 Nf3 44. Bd1 Nd4+ 45. Ke4 Nb5
46. Kf5 Nc3 47. Bc2 Nd5 48. g5 hxg5 49. Kxg5 Kf3 50. Bh7 Ke3 51. Kf5 Kd4 52.
Ke6 Ne3 53. Kd6 Kc3 54. Bg8 Nc2 55. a4 Kb4 56. Kc6 Ka5 57. Bc4 Nd4+ 58. Kb7 a6
59. Bd5 b5 60. Kc7 Kb4 61. Kb6 Nxb3 0-1

[Event "17th Tilburg Interpolis it"]
[Site "Tilburg NED"]
[Date "1993.??.??"]
[Round "1.2"]
[White "Smagin, Sergei"]
[Black "Malaniuk, Volodymyr"]
[Result "0-1"]
[WhiteElo "2550"]
[BlackElo "2635"]
[EventDate "1993.11.13"]
[PlyCount "96"]

1. e4 e5 2. Nf3 Nc6 3. Nc3 Nf6 4. Bb5 Nd4 5. Ba4 c6 6. O-O Qa5 7. Re1 d6 8.
Nxd4 exd4 9. Nd5 Nd7 10. b4 Qxa4 11. Nc7+ Kd8 12. Nxa8 b6 13. Rb1 Bb7 14. Rb3
c5 15. Ra3 Qc6 16. Rxa7 Bxa8 17. b5 Qc8 18. c3 Qb8 19. Ra4 dxc3 20. dxc3 Be7
21. Bf4 f6 22. Ra3 Re8 23. Qh5 h6 24. Qg6 Bf8 25. f3 Bb7 26. Rd1 Qc7 27. c4 Ne5
28. Bxe5 Rxe5 29. Rad3 Rg5 30. Qh7 Qf7 31. a4 Kc7 32. Qh8 Re5 33. a5 bxa5 34.
Ra3 Kb6 35. Rda1 Re8 36. Rxa5 g6 37. Ra7 Bg7 38. R1a6+ Bxa6 39. Rxf7 Bxh8 40.
bxa6 Kxa6 41. Rh7 h5 42. Rh6 Ka5 43. Rxg6 Kb4 44. Rh6 f5 45. exf5 Bd4+ 46. Kf1
Kxc4 47. g4 Kd3 48. Re6 Rg8 0-1

[Event "17th Tilburg Interpolis it"]
[Site "Tilburg NED"]
[Date "1993.??.??"]
[Round "1.1"]
[White "Martens, Martin"]
[Black "Yermolinsky, Alex"]
[Result "0-1"]
[WhiteElo "2430"]
[BlackElo "2605"]
[EventDate "1993.11.13"]
[PlyCount "116"]

1. e4 c5 2. Nf3 d6 3. d4 cxd4 4. Nxd4 Nf6 5. Nc3 Nc6 6. Bc4 Qb6 7. Nb3 e6 8.
O-O Be7 9. Be3 Qc7 10. Be2 a6 11. a4 b6 12. f4 O-O 13. Kh1 Bb7 14. Bf3 Na5 15.
Nxa5 bxa5 16. Qe1 Bc6 17. Bd2 Rac8 18. Qg3 Qb7 19. e5 Ne8 20. Bxc6 Rxc6 21.
Rab1 g6 22. Qd3 Ng7 23. Ne4 dxe5 24. fxe5 Qc7 25. Bc3 h5 26. Nf6+ Bxf6 27. exf6
Nf5 28. Qd2 Rd8 29. Qg5 Kh7 30. Rbe1 Rc4 31. Be5 Qc6 32. Bf4 Rd5 33. c3 Kg8 34.
Rf3 Qxa4 35. h3 Rd1 36. Rxd1 Qxd1+ 37. Kh2 Re4 38. Bg3 h4 39. Bf2 Qd6+ 40. Kg1
Qd1+ 41. Kh2 Qd6+ 42. Kg1 a4 43. Qc1 Re2 44. c4 Rd2 45. Qc3 Rd1+ 46. Be1 Qd4+
47. Qxd4 Nxd4 48. Rf1 Ne2+ 49. Kf2 Ng3 50. Rg1 Rc1 51. Kf3 Nf5 52. Bf2 Rxc4 53.
Rd1 g5 54. Rd8+ Kh7 55. Be1 Rf4+ 56. Ke2 Ng3+ 57. Kd3 Ne4 58. Ra8 Kg6 0-1

[Event "17th Tilburg Interpolis it"]
[Site "Tilburg NED"]
[Date "1993.??.??"]
[Round "1.2"]
[White "Yermolinsky, Alex"]
[Black "Martens, Martin"]
[Result "1-0"]
[WhiteElo "2605"]
[BlackElo "2430"]
[EventDate "1993.11.13"]
[PlyCount "97"]

1. d4 Nf6 2. c4 e6 3. Nc3 Bb4 4. Bg5 h6 5. Bh4 c5 6. d5 Bxc3+ 7. bxc3 d6 8. e3
Qe7 9. Nf3 Nbd7 10. dxe6 Qxe6 11. Be2 O-O 12. O-O b6 13. Qc2 Bb7 14. Nd2 Rfe8
15. Rad1 Ne5 16. Rfe1 Rad8 17. f3 Ng6 18. Bf2 Bc6 19. Bd3 Ne5 20. Bf5 Qe7 21.
Bh4 g5 22. Bf2 Qf8 23. h3 Qg7 24. Bg3 Nh5 25. Bh2 Nf6 26. e4 Nh5 27. Bxe5 Qxe5
28. Nf1 Ng7 29. Ne3 h5 30. Rd3 a6 31. Red1 b5 32. Qf2 b4 33. h4 f6 34. hxg5
fxg5 35. Qd2 Ba4 36. Rc1 bxc3 37. Rdxc3 Bc6 38. Rd3 g4 39. Rd1 Ba4 40. Rf1 gxf3
41. Rxf3 Rb8 42. Rxd6 Rb1+ 43. Rf1 Rxf1+ 44. Nxf1 Nxf5 45. exf5 Qxf5 46. Qh6
Rf8 47. Ng3 Qf2+ 48. Kh2 Be8 49. Qg5+ 1-0

[Event "17th Tilburg Interpolis it"]
[Site "Tilburg NED"]
[Date "1993.??.??"]
[Round "1.1"]
[White "Petursson, Margeir"]
[Black "Pinter, Jozsef"]
[Result "1/2-1/2"]
[WhiteElo "2560"]
[BlackElo "2575"]
[EventDate "1993.11.13"]
[PlyCount "127"]

1. d4 Nf6 2. c4 e6 3. Nf3 d5 4. Nc3 c6 5. Bg5 Nbd7 6. e3 Qa5 7. Nd2 dxc4 8.
Bxf6 Nxf6 9. Nxc4 Qc7 10. Be2 Be7 11. O-O O-O 12. a3 Nd5 13. Ne4 Bd7 14. Rc1
Rfd8 15. b4 Be8 16. Qb3 Bf8 17. Bf3 Qe7 18. g3 b6 19. Rc2 a5 20. bxa5 b5 21.
Ncd2 Rxa5 22. Nc5 Qa7 23. Nb1 h6 24. Rfc1 Rb8 25. Qd3 b4 26. Bxd5 cxd5 27. axb4
Rxb4 28. Nd2 Ra3 29. Rc3 Ra2 30. R3c2 Ra3 31. Rc3 Ra1 32. Ncb3 Rxc1+ 33. Rxc1
Rb8 34. Nc5 Qa2 35. Rb1 Rxb1+ 36. Nxb1 Bxc5 37. dxc5 Bc6 38. Nd2 e5 39. f3 Qb2
40. Kf2 d4 41. exd4 Bb5 42. Qe3 exd4 43. Qe1 Qc2 44. g4 Bc6 45. h4 Qxc5 46. Kg2
Qd6 47. Qg3 Qe7 48. Qb8+ Kh7 49. Qf4 Qe2+ 50. Kg3 Qe1+ 51. Kg2 Qe2+ 52. Kg3 d3
53. Qf5+ Kg8 54. Qc8+ Qe8 55. Qxe8+ Bxe8 56. Kf4 f6 57. Ke3 Bb5 58. Ne4 h5 59.
g5 fxg5 60. Nxg5 g6 61. Ne4 Kg7 62. Nf2 Kf6 63. Nxd3 Bxd3 64. Kxd3 1/2-1/2

[Event "17th Tilburg Interpolis it"]
[Site "Tilburg NED"]
[Date "1993.??.??"]
[Round "1.2"]
[White "Pinter, Jozsef"]
[Black "Petursson, Margeir"]
[Result "0-1"]
[WhiteElo "2575"]
[BlackElo "2560"]
[EventDate "1993.11.13"]
[PlyCount "134"]

1. d4 Nf6 2. c4 e6 3. Nf3 Bb4+ 4. Bd2 c5 5. Bxb4 cxb4 6. g3 O-O 7. Bg2 d6 8.
O-O Nc6 9. Nbd2 Re8 10. Qb3 Qb6 11. e3 Na5 12. Qc2 Bd7 13. b3 Rac8 14. Qb2 Qc7
15. Rfc1 Nc6 16. Ne1 a5 17. Nd3 b6 18. a3 bxa3 19. Qxa3 e5 20. d5 Nd8 21. b4 e4
22. Nf4 Nb7 23. Rcb1 Rb8 24. h4 axb4 25. Rxb4 Nc5 26. Qb2 h6 27. Rb1 Na4 28.
Qd4 Nc5 29. Ne2 Bf5 30. Nc3 Qd8 31. R4b2 Rb7 32. Ra2 Qe7 33. Rba1 Reb8 34. Ra8
Kh7 35. Nb5 Rxa8 36. Rxa8 Bd7 37. Na7 Rc7 38. Qb2 Ng4 39. Qd4 f5 40. Bf1 Ne5
41. Be2 Rb7 42. Kg2 Ba4 43. Nb5 Bxb5 44. cxb5 Ra7 45. Rxa7 Qxa7 46. Nc4 Nxc4
47. Qxc4 Qa1 48. h5 Qb2 49. g4 Qe5 50. gxf5 Qxf5 51. f4 exf3+ 52. Bxf3 Kg8 53.
e4 Qg5+ 54. Kf2 Qd2+ 55. Kg3 Kf7 56. Qf1 Qg5+ 57. Bg4+ Ke7 58. Qe2 Qe5+ 59. Kf3
Qc3+ 60. Kg2 Qd3 61. Qxd3 Nxd3 62. Kf3 Kf6 63. Ke3 Ne5 64. Kf4 g5+ 65. hxg6
Nxg4 66. Kxg4 Kxg6 67. Kf4 Kf6 0-1